<?xml version="1.0" encoding="UTF-8"?>
<marc:record xmlns:marc="http://www.loc.gov/MARC21/slim">
   <marc:leader>00000nam a2200000 a 4500</marc:leader>
   <marc:datafield ind1="1" ind2=" " tag="100">
      <marc:subfield code="a">Kaut, Ellis</marc:subfield>
      <marc:subfield code="4">aut</marc:subfield>
      <marc:subfield code="e">Verfasser/-in</marc:subfield>
   </marc:datafield>
   <marc:datafield ind1=" " ind2=" " tag="653">
      <marc:subfield code="a">Kobold</marc:subfield>
   </marc:datafield>
   <marc:datafield ind1=" " ind2=" " tag="653">
      <marc:subfield code="a">Zeichentrickfilm</marc:subfield>
   </marc:datafield>
   <marc:datafield ind1=" " ind2=" " tag="653">
      <marc:subfield code="a">Pumuckl</marc:subfield>
   </marc:datafield>
   <marc:datafield ind1="0" ind2="0" tag="245">
      <marc:subfield code="a">Pumuckl und der Pudding / der rätselhafte Hund</marc:subfield>
   </marc:datafield>
   <marc:datafield ind1="0" ind2="0" tag="245">
      <marc:subfield code="b">Der frechste Kobold der Welt</marc:subfield>
   </marc:datafield>
   <marc:datafield ind1=" " ind2="1" tag="264">
      <marc:subfield code="b">EMI Music Germany GmbH</marc:subfield>
      <marc:subfield code="c">1982</marc:subfield>
   </marc:datafield>
   <marc:datafield ind1="1" ind2=" " tag="490">
      <marc:subfield code="a">Pumuckl</marc:subfield>
   </marc:datafield>
   <marc:datafield ind1="1" ind2=" " tag="520">
      <marc:subfield code="a">"Pumuckl und der Pudding"
Seine Vorfahren, die Klabautermänner, wären entsetzt: Pumuckl will ganz allein einen Pudding kochen! Denn er hat beschlossen, dass es von nun an jeden Tag Schokoladenpudding geben soll. Frau Eichinger findet das begonnene Werk und versucht es zu Ende zu führen. Schließlich hilft auch noch Meister Eder mit. Trotzdem gibt es am Schluss "Pudding mit Rauchgeschmack".

"Pumuckl und der rätselhafte Hund"
Meister Eder und der Pumuckl verabreden ein Geheimzeichen: Immer, wenn jemand etwas in der Werkstatt vergisst oder verliert, bellt der Kobold wie ein kleiner Hund. Doch der Pumuckl übertreibt wieder einmal ganz gewaltig. Schließlich klettert er sogar in ein Kellerloch, um von dort die ganze Strasse zusammenzubellen. Wie soll Meister Eder diese peinliche Situation nur retten?</marc:subfield>
   </marc:datafield>
   <marc:datafield ind1="3" ind2=" " tag="024">
      <marc:subfield code="a">044005310894</marc:subfield>
   </marc:datafield>
</marc:record>
